00500nam a22001457a 4500008004100000082001200041100002800053245009600081260002100177502007900198650003000277650001800307651000900325653002000334220403b |||||||| |||| 00| 0 eng d aCD19726 aBhattrai, Bishnu Prasad aSocio-economic and cultural activities of Magar community (a case study of Jeetpur-5, Ilam) aKathmandu:c2013 aDissertation (Degree in Rural development),Mahendra Ratna Multiple Campus  aSocio-cultural activities aEthnic groups aIlam aMagar community